| 000 | 00791nam a22002417a 4500 | ||
|---|---|---|---|
| 999 |
_c20644 _d20644 |
||
| 005 | 20191216071335.0 | ||
| 008 | 191216b xxu||||| |||| 00| 0 spa d | ||
| 040 |
_aCO-BoIAVH _cCO-BoIAVH |
||
| 041 | _aspa | ||
| 044 | _ack | ||
| 110 | _aCorporación Autónoma Regional Rionegro - Nare. Cornare | ||
| 245 |
_aEl paramo de Sonson, Argelia y Nariño. _bA vuelo de águila. |
||
| 250 | _asegunda edición | ||
| 260 |
_aBogotá: _bCORNARE, _c1994. |
||
| 300 |
_a24 Páginas: _bilustraciones y fotografías, _c22 x 17 cm. |
||
| 650 | 0 | _aAspectos ambientales | |
| 650 | 0 | _aAguila | |
| 650 | 0 |
_aAves _z Colombia. |
|
| 650 | 0 |
_aConservación de páramos _z Colombia. |
|
| 650 | 0 | _aBosque natural | |
| 650 | 0 | _aBiodiversidad | |
| 942 |
_2ddc _cFolleto |
||